000 00430nam a2200169Ia 4500
003 LK-CoDNM
005 20240806085429.0
008 010623t1883 xxu||||| |||| 00| 1 eng d
040 _aLK-CoDNM
_dLK-CoDNM
_eLK-CoDNM
041 _aeng
080 _a16
_bI21
100 _aSinnett,A.P.
245 _aEsoteric Buddhism
260 _bTrubner and Company
_aLondon
_c1883
300 _bxx, 215p. : 260: 2nd ed ; 18 cm
942 _cBK
999 _c82420
_d82420